Vista normal Vista MARC

Entrada Geographic Name

Número de registros utilizados en: 1

001 - CONTROL NUMBER

  • control field: 14599

003 - CONTROL NUMBER IDENTIFIER

  • control field: OSt

005 - DATE AND TIME OF LATEST TRANSACTION

  • control field: 20210309113432.0

008 - FIXED-LENGTH DATA ELEMENTS

  • fixed length control field: 210309|| aca||aabn | a|a d

040 ## - CATALOGING SOURCE

  • Original cataloging agency: OSt
  • Transcribing agency: OSt

151 ## - HEADING--GEOGRAPHIC NAME

  • Geographic name: Caldas (Colombia)
  • General subdivision: Historia
  • Chronological subdivision: 1905-2005

670 ## - SOURCE DATA FOUND

  • Source citation: Work cat.: (OSt)0: Valencia Llano, Albeiro, autor 14362, Caldas cien años, 2006.